Ekonomický rast a štruktúrne zmeny v ekonomike SR po roku 1993 bakalárska práca

Gespeichert in:
Bibliographische Detailangaben
1. Verfasser: Šuhajdová, Jarmila
Körperschaft: Národohospodárska fakulta EU. Katedra hospodárskej politiky
Weitere Verfasser: Luptáčik, Mikuláš
Format: Buch
Sprache:Slowakisch
Veröffentlicht: Bratislava 2014
Tags: Tag hinzufügen
Keine Tags, Fügen Sie das erste Tag hinzu!

MARC

LEADER 00000nbm a2200000 4500
001 0191620
005 20170201085357.9
041 0 |a slo 
044 |a SK 
245 1 0 |a Ekonomický rast a štruktúrne zmeny v ekonomike SR po roku 1993  |b bakalárska práca  |c Jarmila Šuhajdová ; školiteľ: Mikuláš Luptáčik 
264 1 |a Bratislava  |c 2014 
300 |a 62 s. 
100 1 |a Šuhajdová, Jarmila 
700 1 |a Luptáčik, Mikuláš 
710 2 |a Národohospodárska fakulta EU. Katedra hospodárskej politiky